1970 1622 1633 1776 1828 1788 1976 1792 1129 1440 1016 1385 1178 1610 1101 1585 1324 1710 1102 1697 1666 1239 1997 1090 1836 1192 1973 1914 1834 1940 1276 1006 1731 1557 1200 1763 1738 1507 1032 1861 1127 1721 1631 1250 1158 1400 1715 1034 1121 1277 1845 1187 1041 1317 1291 1944 1231 1519 1299 1327 1960 1893 1133 1119 1519 1577 1437 1947 1458 1554 1442 1168 1160 1536 1456 1918 1590 1090 1738 1979 1607 1620 1319 1523 1830 1526 1573 1946 1381 1193 1343 1253 1922 1658 1554 1916 1190 1204 1100 BCNSPRNW ULIB Ver.6.0+V

เปลี่ยนเป็นภาษาไทย

Change to English
 แสดงรายละเอียดบรรณานุกรม
  กลับหน้าหลัก

Brief Record : Get Marc (ISO 2709) : E-mail record : QR code < ปิดหน้าต่าง
LEADER : 00000nam a2200000Ia 4500
001    13399125473
003     ULIB
008    160614s2558 th a b 000 0 tha d
020    ^a9786169153474
040    ^abns
060 04 ^aWB115^bอ112
245 04 ^aThe acute care /^cบรรณาธิการ, ดุสิต สถาวร, ครรชิต ปิยะเวชวิรัตน์,สหดล ปุญญถาวร
246 1  ^aCritical care medicine :^bthe acute care
250    ^aพิมพ์ครั้งที่ 1
260    ^aกรุงเทพฯ :^bสมาคมเวชบำบัดวิกฤตแห่งประเทศไทย,^c2558
300    ^axvii, 596 หน้า :^bภาพประกอบ ;^c27 ซม.
650  2 ^aInternal Medicine
650  2 ^aCritical Care
650  4 ^aภาวะวิกฤต, การดูแล
650  4 ^aอายุรศาสตร์
700 0  ^aดุสิต สถาวร,^eบรรณาธิการ
700 0  ^aสหดล ปุญญถาวร,^eบรรณาธิการ
700 0  ^aครรชิต ปิยะเวชวิรัตน์,^eบรรณาธิการ
710 2  ^aสมาคมเวชบำบัดวิกฤตแห่งประเทศไทย
945    ^p600^l0^i26431
945    ^p600^l0^i25137
945    ^p600^l0^i25138
995    ^aกัณชพร
999    ^aกัณชพร
รายการนี้ยังไม่มีแท็ก
คุณยังไม่ได้ล็อกอิน คุณสามารถมีกิจกรรมร่วมกับเว็บไซต์ได้ แต่ต้องล็อกอินก่อน ::
  ล็อกอิน

รายการสื่อสารสนเทศ

ลำดับที่ ประเภท เลขเรียก/บาร์โค้ด สถานที่ สถานะ
1. หนังสือสำรอง
หนังสือสำรอง
WB115 อ112 ฉ.1 
  Barcode: 25137
ห้องสมุดวิทยาเขตนครสวรรค์
►หนังสือทั่วไป:l:General Books
บนชั้น
2. วิทยาศาสตร์การแพทย์ และสุขภาพ
วิทยาศาสตร์การแพทย์ และสุขภาพ
WB115 อ112 ฉ.2 
  Barcode: 25138
ห้องสมุดวิทยาเขตนครสวรรค์
►หนังสือทั่วไป:l:General Books
บนชั้น
3. วิทยาศาสตร์การแพทย์ และสุขภาพ
วิทยาศาสตร์การแพทย์ และสุขภาพ
WB115 อ112 ฉ.3 
  Barcode: 26431
ห้องสมุดวิทยาเขตนครสวรรค์
►หนังสือทั่วไป:l:General Books
บนชั้น

รายการใกล้เคียง
    หัวเรื่อง [Internal Medicine]
    หัวเรื่อง [Critical Care]
    หัวเรื่อง [ภาวะวิกฤต, การดูแล]
    หัวเรื่อง [อายุรศาสตร์]

BibComment


ยังไม่เคยถูกคอมเมนท์

คอมเมนท์ทรัพยากรรายการนี้
  คอมเมนท์: The acute care ..


 Copyright 2026. Bcnsprnw @Library